Soccer Player Won England Premier League - Sudden Death - Statistics

General Stats
  • This quiz has been taken 571 times
    545 since last reset
  • The average score is 4 of 10
Answers on the Grid
Answers color-coded by a green-red scale on the quiz's grid according to % correct below.
Alan Shearer
Andriy Shevchenko
Arjen Robben
Cesc Fàbregas
Cristiano Ronaldo
Daniel Sturridge
David De Gea
David Luiz
Eden Hazard
Fernando Torres
Gareth Bale
Gianfranco Zola
Harry Kane
Jamie Carragher
Juan Mata
Les Ferdinand
Luis Suarez
Luka Modric
Marcus Rashford
Matt Le Tissier
Michael Owen
Paul Gascoigne
Paul McGrath
Paul Pogba
Per Mertesacker
Robbie Fowler
Romelu Lukaku
Ruud Gullit
Steven Gerrard
Thiago Silva
Thibaut Courtois
Xabi Alonso
 
Answer Stats
Answer % Correct
Cristiano Ronaldo
72%
Alan Shearer
68%
Eden Hazard
59%
Cesc Fàbregas
42%
David De Gea
41%
David Luiz
35%
Arjen Robben
24%
Thibaut Courtois
21%
Michael Owen
18%
Daniel Sturridge
8%
No matching quizzes found
Score Distribution
Percent of People with Each Score
Percentile by Number Answered
Your Score History
You have not taken this quiz since the last reset